000 01281ntm a2200301 i 4500
001 8215
003 ES-MaACL
005 20251010184451.0
007 t|
008 920309e1991 sp |||| | spa d
080 _a929 Labra, Rafael María de
080 _a012 Labra, Rafael María de
100 1 _aBayrón Toro, Fernando,
_d-2019
_eaut
_926719
245 1 0 _aRafael María de Labra :
_bel embajador de Cuba y Puerto Rico en Madrid /
_cconferencia del Dr. Fernando Bayrón Toro.
260 _aMadrid :
_bAteneo de Madrid,
_c1991
300 _a23, 16, 16 hojas ;
_c18 cm.
500 _aConferencia leída en el Ateneo de Madrid el 12 de junio de 1991
500 _aEjemplar mecanografiado
600 1 4 _aLabra, Rafael M. de,
_d1840-1918-
_vBibliografías
_969274
610 2 4 _aAteneo de Madrid-
_vConferencias-
_y1983-1999.
_9168596
610 2 4 _aAteneo de Madrid-
_vObras digitalizadas.
_91930
710 2 _91875
_aAteneo de Madrid
_eedt
852 4 _aES-MaACL
_cDEPO2
_gDedicatoria autógrafa del autor
_jL-15434
856 4 _uhttp://www.ateneodemadrid.com/biblioteca_digital/folletos/Folletos-0205.pdf
_yVersión en línea
_z(Colección digital del Ateneo de Madrid)
942 _2udc
_cMANUSCRITO
_n0
999 _c8215
_d8215